000 00615nam a22002057a 4500
999 _c14061
_d14061
003 MIRAKIL
005 20200918105359.0
008 200918b tu ||||| |||| 00| 0 tur d
020 _a975632368x
040 _aTR-AnCHP
_btur
_cTR-AnCHP
041 _atur
082 _a823.34
_bL65b 2006
100 _aLondon, Jack
245 _aBir Alkoliğin Anıları/
_cJack London; Türkçesi Osman Çakmakçı.
260 _aİstanbul:
_bBordo Siyah Klasik yayınları,
_c2006.
300 _a268 s.:
_c21 sm.
650 0 _aAmerikan edebiyatı
_96078
_xRoman
700 _aÇakmakçı, Osman
_96503
_eçev.
942 _2ddc
_cBKS